Biblioteka Instytutu Północnego w Olsztynie

Widok standardowy Widok MARC

Pozycja Geographic Name

Liczba rekordów, w których użyto hasła: 1

001 - Numer kontrolny

  • control field: 40677

003 - Identyfikator numeru kontrolnego

  • control field: NUKAT

005 - Data i czas ostatniej modyfikacji

  • control field: 20260427140542.0

008 - Dane kontrolne kodowane (40 znaków)

  • fixed length control field: 940324 ||a|znnbabn |a ana |c

010 ## - Numer kontrolny Biblioteki Kongresu

  • numer kontrolny LC: s 94013171

040 ## - Instytucja sporządzająca rekord

  • inst. przygot. dane do rek. khw: WA U/TG
  • język haseł przedmiotowych/tezaurus: kaba
  • inst. wprow. rek. khw: WA U/MB

083 #4 - DEWEY DECIMAL CLASSIFICATION NUMBER

  • pojed. symbol lub pocz. z zakr. symboli: 943.8
  • określenie wyjaśniające: Historia Polski

151 ## - Hasło - nazwa geograficzna

  • nazwa geograficzna: Polska
  • określnik chronologiczny: 1970 (Wydarzenia grudniowe).

450 ## - Trop zob. - nazwa pospolita

  • nazwa posp. lub nazwa geogr. na pocz.: Wydarzenia grudniowe na Wybrzeżu (1970).

451 ## - Trop zob. - nazwa geograficzna

  • nazwa geograficzna: Pologne
  • określnik chronologiczny: 1970 (Émeutes de la Baltique) [f]

451 ## - Trop zob. - nazwa geograficzna

  • nazwa geograficzna: Polska
  • określnik rzeczowy: historia
  • określnik chronologiczny: 1970 (Wydarzenia grudniowe).

510 2# - Trop zob. też - nazwa ciała zbiorowego

  • podpole kontrolne: h
  • nazwa ciała zbior. lub geogr. na pocz.: Stocznia Szczecińska im. Adolfa Warskiego
  • określnik rzeczowy: strajk (1970-1971).

550 ## - Trop zob. też - nazwa pospolita

  • podpole kontrolne: g
  • nazwa posp. lub nazwa geogr. na pocz.: Zamieszki
  • określnik geograficzny: Polska.

670 ## - Źródło informacji

  • źródło informacji: KABA
Biblioteka Instytutu Północnego, ul. Partyzantów 87, 10-402 Olsztyn, email: biblioteka(at)ip.olsztyn.pl